Statistics for Districts and Autonomous regions of Portugal

Click here to take the quiz!

General Stats

  • This quiz has been taken 35 times
  • The average score is 14 of 20

Answer Stats

Answer% Correct
Lisboa
100%
Porto
100%
Faro
94%
Açores
88%
Braga
76%
Madeira
76%
Setúbal
76%
Coimbra
71%
Bragança
65%
Castelo Branco
65%
Vila Real
65%
Viseu
65%
Beja
59%
Évora
59%
Leiria
59%
Aveiro
53%
Guarda
53%
Portalegre
53%
Santarém
53%
Viana do Castelo
53%

Score Distribution

Percentile by Number Answered

Percent of People with Each Score

Your Score History

You have not taken this quiz